[Event "77th GEO-ch Supreme League 2018"]
[Site "Tbilisi"]
[Date "2018.01.19"]
[Round "2.1"]
[White "Paichadze, Luka"]
[Black "Sanikidze, Tornike"]
[Result "0-1"]
[WhiteElo "2588"]
[BlackElo "2525"]
[Annotator "TA"]
[PlyCount "90"]
[EventDate "2018.??.??"]
[EventType "k.o."]
[EventCountry "GEO"]
[SourceTitle "playchess.com"]
[Source "ChessBase"]
[SourceQuality "1"]

{[%evp 22,90,4,0,0,3,18,11,14,0,0,-4,-7,-1,-2,-31,0,-35,-23,-23,-24,-25,-12,-75,-70,-102,-101,-96,-102,-106,-93,-92,-102,-169,-182,-183,-183,-178,-185,-180,-185,-218,-236,-220,-108,-509,-501,-525,-525,-518,-525,-526,-526,-518,-518,-506,-493,-631,-625,-642,-639,-593,-612,-1762,-1972,-1297,-1613,-4727,-4710,-29990,-29991]} 1. e4 c5 2. Nf3 d6 3. d4 cxd4 4. Qxd4 Nc6 5. Bb5 Bd7 6. Bxc6 Bxc6 7. Nc3 Nf6 8. Bg5 e6 9. O-O-O Be7 10. Qd3 Qa5 11. h4 h6 12. Bd2 d5 {[%cal Rd5e4] B53: Sicilian: 2...d6: Lines with Qxd4} 13. exd5 Nxd5 14. Ne5 {[#]} Qc7 $146 {The position is equal.} ({Predecessor:} 14... O-O 15. Qg3 Bf6 16. Nxd5 Qxd5 17. Ng4 Qxa2 18. Nxf6+ Kh8 19. Bc3 Qa1+ 20. Kd2 {1-0 (51) Landa,K (2554)-Movsesian,S (2658) playchess.com INT 2006}) 15. Nxd5 Bxd5 16. Qb5+ $1 Kf8 17. Bc3 Kg8 18. Rh3 h5 $36 {[%mdl 2048] Black has some pressure.} ({Avoid the trap} 18... Bxg2 $2 19. Rd7 $18) 19. Bd4 Bf6 ({Don't play} 19... Bxa2 $6 20. Rc3 $16) 20. Rc3 Qd6 21. f4 Bxh4 22. Bc5 (22. Qe2 $11 {keeps the balance.}) 22... Qd8 $17 23. Rcd3 a6 24. Qb4 {White wants to play c4.} b5 25. f5 {Black should prevent Nxf7!} Qg5+ 26. Be3 a5 27. Qd4 (27. Qf4 $17 Qxf4 28. Bxf4) 27... Qxf5 $19 {And now ...Bf6 would win.} 28. Qxh4 Qxe5 29. Bd4 {[#]} Qe4 $1 {[%cal Re4h4]} 30. Qg5 {[%csl Gd4][%cal Rg5g7]} Rh7 31. Rf1 Qxg2 32. Qf4 f6 (32... Qg6 $19 {and Black stays clearly on top. Threatens to win with ...Qh6.} 33. Rg3 Qf5 34. Qxf5 exf5 35. Rxf5 h4 36. Rxg7+ Rxg7 37. Bxg7 Kxg7 38. Rxd5 Kg6) 33. Bxf6 $2 {[%mdl 8192]} (33. Rg1 $17 {nothing else works.} e5 34. Qh4) 33... Rf8 ({Not} 33... gxf6 34. Rg3+ Qxg3 35. Qxg3+ Rg7 36. Qh4 $11) 34. Rg3 e5 $1 {[%cal Re5f4]} 35. Rxg2 exf4 36. Rg5 Rxf6 37. Rxd5 {[%mdl 4096] Endgame KRR-KRR} h4 {[%cal Bh5h4,Bh4h3,Bh3h2][%mdl 32]} 38. Kd1 h3 39. Ke1 Rc6 40. c3 h2 41. Rh1 b4 42. Rxa5 bxc3 43. bxc3 Rxc3 44. Kf2 Rhh3 {[#] ( -> ...Rc2+)} 45. Kg2 Rhg3+ {Precision: White = 40%, Black = 82%.} 0-1

[Event "77th GEO-ch Supreme League 2018"]
[Site "Tbilisi"]
[Date "2018.01.19"]
[Round "2.1"]
[White "Maghalashvili, Davit"]
[Black "Mchedlishvili, Mikheil"]
[Result "1/2-1/2"]
[WhiteElo "2506"]
[BlackElo "2602"]
[Annotator "TA"]
[PlyCount "121"]
[EventDate "2018.??.??"]
[EventType "k.o."]
[EventCountry "GEO"]
[SourceTitle "playchess.com"]
[Source "ChessBase"]
[SourceQuality "1"]

{[%evp 23,121,20,38,13,16,0,9,-7,0,-7,-7,-18,-18,-25,-21,-45,-58,-49,-62,-62,-41,-48,-30,-39,-45,-64,-44,-57,-40,-47,-44,-33,-25,-30,-26,-23,-26,-26,-21,-28,0,0,0,0,0,0,0,0,0,0,0,0,0,-45,-37,-20,0,0,0,-33,0,0,0,0,0,0,0,0,0,0,0,0,0,0,0,0,0,-59,-59,-59,-59,-59,-76,-71,-59,-71,-68,-62,-81,-411,-19,-19,-22,-22,1,1,5,5,5,5]} 1. Nf3 Nf6 2. g3 d5 3. Bg2 c6 4. O-O Bg4 5. d3 Nbd7 6. Nbd2 e5 7. e4 dxe4 8. dxe4 Bc5 9. h3 Bh5 10. Qe1 O-O 11. Nb3 Be7 {A07: Réti Opening: New York and Capablanca Systems} (11... Bb6 12. a4 a5 13. Nfd2 Nc5 14. Nxc5 Bxc5 15. Nc4 Nd7 16. Bd2 b6 17. Kh1 Re8 18. f3 f6 19. Qe2 {½-½ (73) Kozul,Z (2632)-Postny,E (2635) Zadar 2014}) 12. Nh4 Re8 {LiveBook: 3 Games} 13. Nf5 Bf8 14. Bg5 Qc7 15. a4 $146 ({Predecessor:} 15. Kh1 Re6 16. Be3 Bg6 17. g4 Ree8 18. Ng3 h5 19. g5 {1-0 (75) Stuhlik,M (2229)-Kunnumel,V Vienna 2006}) 15... h6 16. Be3 Bg6 17. Qe2 Bxf5 18. exf5 e4 19. Bf4 Bd6 20. Bxd6 Qxd6 21. Nd2 Qc5 22. Nc4 Nd5 23. Rfe1 N7f6 24. c3 {[#]} e3 $1 {[%mdl 512]} 25. fxe3 (25. Nxe3 Nxe3) 25... Ne4 26. Kh2 Ndf6 27. g4 h5 28. Rad1 hxg4 29. hxg4 b5 30. axb5 cxb5 31. g5 $1 {[%cal Rg5f6]} Nxg5 32. Bxa8 bxc4 (32... Rxa8 $6 33. Nd6 $16) 33. Qg2 Qxf5 34. Rd4 $1 Qe5+ 35. Kg1 g6 36. Bc6 Rc8 37. Bb7 Rb8 38. Rf4 ({Avoid the trap} 38. Rxc4 $2 Rxb7 $1 {[%mdl 512]} 39. Rf4 (39. Qxb7 $2 Qg3+ 40. Kf1 Nf3 $19) 39... Nfe4 $19) 38... Kg7 {[%mdl 1024] Black has compensation.} 39. Re2 $1 {[%cal Be1e2,Be2f2,Bf2f3][%mdl 32]} ({Don't blunder} 39. Rxc4 $2 Rxb7 $1 {[%mdl 512]} 40. Re2 (40. Qxb7 $2 {is the wrong capture.} Qg3+ 41. Kf1 Nf3 $19) 40... Nfe4 $19) 39... Rd8 40. Rd4 $1 {[%cal Rd4d8]} Rh8 41. Kf1 $1 {[%cal Bg1f1,Bf1e1,Be1d2][%mdl 32]} Rh3 42. Ke1 $1 Qf5 43. Rf2 Rxe3+ 44. Kd2 $1 Rd3+ 45. Rxd3 Qxd3+ 46. Kc1 Nfe4 $40 {[%mdl 128] Black mounts an attack.} 47. Bxe4 $1 Nxe4 $11 {[%mdl 4096] Endgame KQR-KQN} 48. Rf3 Qd5 49. Rh3 Qe5 (49... Qf5 {keeps more tension.} 50. Qh1 Qf4+ 51. Kb1 Qf5 52. Rh7+ Kf6) 50. Qf3 (50. Rh4 $11 Nc5 51. Qh1) 50... Qg5+ $15 51. Qe3 Qxe3+ $1 52. Rxe3 {KR-KN} f5 53. b3 cxb3 {And now ...g5 would win.} 54. c4 g5 {[%cal Bg6g5,Bg5g4,Bg4g3,Bg3g2][%mdl 32] Threatens to win with ...g4.} 55. Rxb3 g4 56. c5 $2 {[%mdl 8192] [#]} (56. Rb1 $17) 56... Nxc5 $2 (56... g3 $1 $19 {[%cal Rg3g2] ...g2 is the strong threat.} 57. Rb7+ Kf6) 57. Rb5 $11 {The position is equal.} g3 {White must now prevent ...g2.} 58. Kd2 Ne4+ 59. Ke3 g2 60. Rb1 Ng5 {Hoping for ...Nh3.} 61. Kf2 {Precision: White = 56%, Black = 71%.} 1/2-1/2

[Event "77th GEO-ch Supreme League 2018"]
[Site "Tbilisi"]
[Date "2018.01.19"]
[Round "2.1"]
[White "Morchiashvili, Bachana"]
[Black "Jojua, Davit"]
[Result "1/2-1/2"]
[WhiteElo "2384"]
[BlackElo "2586"]
[Annotator "TA"]
[PlyCount "124"]
[EventDate "2018.??.??"]
[EventType "k.o."]
[EventCountry "GEO"]
[SourceTitle "playchess.com"]
[Source "ChessBase"]
[SourceQuality "1"]

{[%evp 21,124,11,33,22,33,29,44,50,32,18,45,31,41,38,30,30,33,33,37,30,42,0,14,7,6,-12,14,0,0,0,0,0,0,0,0,0,0,0,0,0,25,18,14,0,0,0,0,0,0,0,0,-10,0,0,0,0,0,0,0,0,22,0,15,12,27,0,0,0,13,13,31,31,31,31,31,31,31,31,31,19,8,6,6,0,0,-41,7,7,56,56,56,56,56,56,56,56,56,42,56,56,56,36,56,56,56]} 1. d4 Nf6 2. Bg5 g6 3. Bxf6 exf6 4. e3 Bg7 5. g3 O-O 6. Bg2 d6 7. Ne2 Nd7 8. O-O f5 9. c4 Nf6 10. Nbc3 Re8 11. Qc2 h5 {LiveBook: 4 Games. A45: Trompowsky Attack} 12. b4 {[%cal Bb2b4,Bb4b5][%mdl 32]} c6 13. b5 $146 ({Predecessor:} 13. Rfd1 Bd7 14. Rab1 h4 15. d5 hxg3 16. hxg3 Ng4 17. c5 Qg5 18. cxd6 Rac8 19. Qd2 Qh5 20. Nd4 cxd5 21. b5 Rxe3 22. Nxd5 Bh6 23. fxe3 Qh2+ 24. Kf1 Qxg3 25. Nf3 Be6 26. Qe1 {1-0 (26) Rasulov,V (2482)-Yilmazyerli,M (2255) Fermo 2009}) 13... Bd7 {White has an edge.} 14. Rab1 Qc7 15. Rfc1 Rac8 16. Qb3 Ne4 17. Nxe4 fxe4 18. b6 axb6 19. Qxb6 Qxb6 20. Rxb6 Rc7 21. Nc3 f5 22. Rcb1 Bc8 23. Na4 Ree7 24. R6b3 Be6 25. Nb6 Bf7 26. Ra3 Bf6 27. Ra8+ Re8 28. Ra7 Ree7 29. Bf1 h4 30. Rb3 hxg3 31. hxg3 Kg7 32. Ra8 g5 33. Rd8 Re6 34. Rb8 Re8 35. Rxe8 Bxe8 36. Ra3 c5 37. Ra8 Bf7 38. d5 Bg6 39. Be2 Rf7 40. Kg2 f4 {[#] aiming for ...f3+.} 41. Bg4 fxe3 42. fxe3 Bc3 43. Nc8 (43. Ra3 $5 {[%cal Ra3c3]} Be5 44. Nd7 $14) 43... Be5 44. a4 Kh6 45. a5 Bh5 {[#]} 46. Nxd6 $1 {[%mdl 512]} Bxd6 47. Rh8+ Rh7 48. Rxh7+ Kxh7 49. Bxh5 $14 {[%mdl 4096] Endgame KB-KB} Bc7 50. Kh3 {Threatens to win with Kg4.} Kg7 $1 51. Bg4 Kf6 52. Bc8 Bxa5 53. Kg2 Bd2 (53... b5 $5) 54. Kf2 Ke5 55. Bxb7 {White is slightly better.} Bb4 56. Ke2 Ba5 57. Bc8 Bb4 58. Bh3 Ba5 59. Bg2 Bb4 60. Kd1 Ba5 61. Kc2 Be1 62. g4 Ba5 {Precision: White = 59%, Black = 56%.} 1/2-1/2

[Event "77th GEO-ch Supreme League 2018"]
[Site "Tbilisi"]
[Date "2018.01.19"]
[Round "2.1"]
[White "Kacharava, Nikolozi"]
[Black "Quparadze, Giga"]
[Result "1/2-1/2"]
[WhiteElo "2302"]
[BlackElo "2499"]
[Annotator "TA"]
[PlyCount "86"]
[EventDate "2018.??.??"]
[EventType "k.o."]
[EventCountry "GEO"]
[SourceTitle "playchess.com"]
[Source "ChessBase"]
[SourceQuality "1"]

{[%evp 20,86,52,-63,-68,-52,-64,-64,-56,-54,-66,-47,-63,-101,-47,-50,-47,-44,-53,-67,-80,-63,0,-8,0,-32,-39,-48,-47,-48,-49,-37,-10,-18,-36,-10,-10,-65,-62,-64,-73,-74,-87,-72,-82,-74,-37,-45,-12,-12,0,0,0,0,0,0,0,0,0,0,0,0,0,0,0,0,0,0,0]} 1. e4 c5 2. Nf3 Nc6 3. d4 cxd4 4. Nxd4 Qc7 5. Nc3 e6 6. Be3 a6 7. Qf3 {B48: Sizilianisch (Paulsen-Variante)} Nf6 8. O-O-O Ne5 {[%cal Bc6e5,Be5g4,Bg4e3][%mdl 32]} 9. Qg3 b5 {[%cal Bb7b5,Bb5b4][%mdl 32]} 10. f4 Neg4 11. e5 {LiveBook: 8 Partien} (11. Bg1 $14) 11... Nxe3 $15 12. Qxe3 b4 $1 13. Ndb5 $146 ({Vorgänger:} 13. Ne4 Nxe4 14. Qxe4 Bb7 15. Qd3 Bc5 16. Kb1 Rc8 17. Nb3 Be3 18. Na5 Bd5 {0-1 (18) Vachier Lagrave,M (2795)-Grischuk,A (2750) chess.com INT 2017}) 13... axb5 14. Nxb5 Qc6 $1 15. exf6 gxf6 16. Qd4 Be7 ({Günstiger ist} 16... Rxa2 $17 {Weiss muss nun ...b3 beachten.} 17. Kb1 Ra8) 17. Na7 Qc7 18. Nxc8 Rxc8 {[%csl Gc8][%cal Rc7c2] [#]} 19. Rd2 Bc5 20. Qd3 (20. Qxf6 Rg8) 20... Qa7 (20... d5 $15) 21. Kb1 $1 $11 Be3 22. Rd1 Bxf4 {Und weiter mit ...Ta8 wäre nett.} 23. Qd4 Qa4 $36 {[%mdl 2048] Schwarz hat Druck.} 24. Bc4 Be5 25. Bb3 Bxd4 (25... Qb5 {seems wilder.} 26. Qa7 O-O 27. Ba4 Qe2 28. Qxd7 Rc7) 26. Bxa4 e5 27. Rhe1 {[#] Droht stark Txd4.} Kd8 28. Rf1 (28. a3 $11) 28... Ra8 $15 29. Bxd7 Kxd7 30. c3 bxc3 31. bxc3 Rhb8+ 32. Ka1 Rb6 (32... Ke6 {looks sharper.} 33. cxd4 Ra5 34. g4 Rba8 35. Rd2 exd4 36. Rf3 R8a7) 33. cxd4 {[%mdl 4096] Endspiel KTT-KTT} e4 34. Rde1 {Die Stellung ist ausgeglichen.} Re6 35. d5 Re5 36. Rxf6 Ke7 37. Rf4 Ra4 38. Kb2 f5 39. g4 fxg4 40. Kb3 Rd4 41. Kc3 Ra4 42. Kb3 Rd4 43. Kc3 Ra4 {Precision: Weiß = 70%, Schwarz = 66%.} 1/2-1/2

[Event "77th GEO-ch Supreme League 2018"]
[Site "Tbilisi"]
[Date "2018.01.20"]
[Round "2.2"]
[White "Mchedlishvili, Mikheil"]
[Black "Maghalashvili, Davit"]
[Result "1/2-1/2"]
[WhiteElo "2602"]
[BlackElo "2506"]
[Annotator "TA"]
[PlyCount "117"]
[EventDate "2018.??.??"]
[EventType "k.o."]
[EventCountry "GEO"]
[SourceTitle "playchess.com"]
[Source "ChessBase"]
[SourceQuality "1"]

{[%evp 19,117,-4,13,0,0,6,10,0,0,-17,0,0,2,5,11,12,21,19,55,46,43,44,61,39,121,112,158,121,146,147,149,0,0,0,0,0,0,0,66,0,0,0,116,101,101,4,50,0,0,0,3,3,3,3,3,3,6,3,3,3,9,9,9,4,8,5,16,10,12,5,101,140,111,0,0,0,0,0,0,0,0,0,0,0,0,0,0,0,0,0,0,0,0,0,0,0,0,0,0,0]} 1. d4 d5 2. c4 e6 3. Nc3 Be7 4. cxd5 exd5 5. Bf4 c6 6. e3 Bf5 7. g4 Be6 8. h3 Nd7 {D31: Queen's Gambit Declined: Semi-Slav without ...Nf6 (+ Marshall Gambit and Noteboom) and Exchange Variation lines without ...Nf6} 9. Bd3 h5 10. gxh5 Ndf6 {LiveBook: 11 Games} (10... Ngf6 11. h6 g6 12. Qb3 Qb6 13. Qc2 Nh5 14. Nge2 Nxf4 15. Nxf4 Nf8 16. h4 Rxh6 {½-½ (42) Matlakov,M (2691)-Oparin,G (2597) Kolomna 2016}) 11. Nf3 Nxh5 $146 ({Predecessor:} 11... Rxh5 12. Ng5 Bg4 13. Qc2 Qd7 14. Rg1 Bxh3 15. Nxh3 Qxh3 16. Rxg7 {1-0 (43) Debashis,D (2472)-Tang,A (2466) chess.com INT 2017}) 12. Be5 Qd7 13. Bh2 Bd6 14. Ne5 Bxe5 15. Bxe5 Bf5 16. Be2 $36 {[%mdl 2048] White has the initiative.} Nhf6 17. h4 Rh7 18. f3 Ne7 19. Qb3 Bg6 20. O-O-O b6 21. e4 dxe4 (21... Kf8 $14) 22. Bxf6 $1 $16 exf3 23. Bxf3 gxf6 24. h5 Bf5 25. Ne4 (25. d5 $16) 25... Bxe4 26. Bxe4 f5 27. Bf3 O-O-O 28. Kb1 Qd6 (28... Nd5 $11) 29. Rhg1 (29. Rhe1 $14) 29... Kb8 $11 30. Rde1 Qxd4 (30... f4 $11 {remains equal.}) 31. Rd1 $16 Qh8 {[#]} 32. Qc4 ({Better is} 32. Rge1 $1 $16 {[%cal Re1e7]} Nd5 33. Bxd5 cxd5 34. Qg3+ f4 35. Qxf4+ Ka8 36. Qc7 (36. Re7 f5 $11)) 32... Rxd1+ $11 33. Rxd1 Qe5 34. Qb4 {aiming for Re1.} Rh8 35. Re1 Nd5 36. Rxe5 Nxb4 37. Rxf5 {[%mdl 4096] Endgame KRB-KRN} Rh7 38. Be4 Rh6 39. a3 Nd5 40. Bxd5 cxd5 {KR-KR} 41. Kc2 Kc8 42. Rxd5 Rf6 43. Kd3 Rf2 44. b4 f5 (44... f6 $11) 45. Ke3 $16 Rf1 {[#]} 46. b5 (46. Rd6 $1 $16) 46... Kc7 $11 {The position is equal.} 47. a4 Rh1 $1 48. Rxf5 Kd6 49. Kf4 Ke6 50. Rg5 {Black must now prevent Rg6+.} Rh4+ 51. Kg3 Rh1 52. Kg4 Rg1+ $1 53. Kf4 Rf1+ 54. Ke4 {And now Rg6+ would win.} Re1+ 55. Kd3 {Threatens to win with Rg7.} Rd1+ 56. Kc2 Rh1 57. Rg6+ Kd5 58. h6 Kc5 59. Rg7 {Precision: White = 64%, Black = 70%.} 1/2-1/2

[Event "77th GEO-ch Supreme League 2018"]
[Site "Tbilisi"]
[Date "2018.01.20"]
[Round "2.2"]
[White "Jojua, Davit"]
[Black "Morchiashvili, Bachana"]
[Result "1-0"]
[WhiteElo "2586"]
[BlackElo "2384"]
[Annotator "TA"]
[PlyCount "99"]
[EventDate "2018.??.??"]
[EventType "k.o."]
[EventCountry "GEO"]
[SourceTitle "playchess.com"]
[Source "ChessBase"]
[SourceQuality "1"]

{[%evp 20,99,44,25,51,50,50,47,58,45,57,69,70,61,65,48,49,37,51,47,56,12,40,43,37,32,39,36,80,73,91,-72,-67,-43,114,129,196,185,299,207,191,180,228,0,0,0,150,-84,-84,-84,-84,-79,0,0,0,0,616,616,616,616,616,616,616,616,616,616,616,616,616,616,616,616,4811,4804,4804,4804,4779,4779,29987,591,29988,29989]} 1. d4 Nf6 2. c4 g6 3. g3 Bg7 4. Bg2 O-O 5. Nc3 d6 6. Nf3 Nbd7 7. O-O e5 8. e4 c6 9. h3 Re8 10. Be3 exd4 11. Nxd4 a5 {E69: King's Indian: Fianchetto: 6...Nbd7 7 0-0 e5 8 e4 c6 9 h3} 12. Qc2 a4 13. Rad1 Qa5 {White is slightly better.} 14. Rfe1 Qb4 15. a3 Qa5 $1 16. f4 {[%cal Bf2f4,Bf4f5][%mdl 32]} Nc5 17. Bf2 Nfd7 18. Na2 {[#]} Nb6 $146 ({Predecessor:} 18... Na6 19. Nf3 Bf8 20. Bd4 Nac5 21. Kh2 Qc7 22. Nc3 Qa5 {1-0 (49) Avrukh,B (2668)-Lopez Martinez,J (2570) Novi Sad 2009}) 19. Nb4 Bd7 20. f5 Rad8 21. g4 Nb3 22. Nf3 c5 23. Rxd6 Bf8 24. Rxb6 $1 cxb4 (24... Qxb6 $2 25. Nd5 $18) 25. Rxb7 $2 (25. e5 $1 $16 {[%cal Rf5g6]} bxa3 26. e6 (26. fxg6 fxg6 27. Rxg6+ hxg6 $18) (26. Rxb7 $2 a2 $17)) 25... bxa3 $17 26. bxa3 Nc5 $2 (26... Bc5 $1 $15) 27. Rbb1 $16 Nb3 (27... Bc6 $16 {keeps fighting.}) 28. e5 $1 $18 {[%cal Re5e6] Black must now prevent e6!} gxf5 (28... Bc6 $142 29. e6 fxe6) 29. gxf5 Bc6 30. e6 fxe6 31. Rxe6 $2 (31. fxe6 Bxf3 32. Bxf3 Nd2) ({Better is} 31. Ne5 $18 Bxg2 32. f6 (32. Kxg2 Bg7 $11) 32... Bxh3 33. Re3 (33. f7+ Kh8 $16)) 31... Rxe6 $11 32. fxe6 Nd2 {[#]} ({Black should try} 32... Bxf3 $1 $11 33. Bxf3 Nd2) 33. Nxd2 $2 (33. Nd4 $1 $16 {[%cal Rd4c6] is forced if you want to stay better.} Rxd4 34. Bxc6 Qg5+ 35. Kh1 Rxc4 36. Qd3 Nxb1 37. Qxc4) 33... Rxd2 $17 34. Qxd2 Qxd2 35. Bxc6 Qc2 (35... Bxa3 $17 36. Bd5 Kg7 37. Rb7+ Kh6) 36. Rb8 $11 {And now e7 would win.} Qc1+ 37. Kh2 Qf4+ $2 {[%mdl 8192]} (37... Qd2 $11 38. Kg2 Qg5+ 39. Bg3 Qd2+ 40. Bf2 Qg5+ 41. Bg3 Qd2+ 42. Kh1 (42. Bf2 Qg5+ $11) 42... Kg7) 38. Bg3 $18 Qxc4 {[#]} 39. e7 $1 {[%csl Gb8][%cal Re7f8]} Qe2+ 40. Bg2 {[%csl Gb8][%cal Re7f8]} Qxe7 41. Bd5+ Kg7 {aiming for ...Qc5.} 42. Rb7 Qxb7 43. Bxb7 Bxa3 44. Bc6 Bb2 45. Bxa4 h6 46. Kg2 Bf6 47. Kf3 Kg6 48. Bc2+ Kg5 49. h4+ Kh5 50. Kf4 {Precision: White = 67%, Black = 39%.} 1-0

[Event "77th GEO-ch Supreme League 2018"]
[Site "Tbilisi"]
[Date "2018.01.20"]
[Round "2.2"]
[White "Sanikidze, Tornike"]
[Black "Paichadze, Luka"]
[Result "1/2-1/2"]
[WhiteElo "2525"]
[BlackElo "2588"]
[Annotator "TA"]
[PlyCount "76"]
[EventDate "2018.??.??"]
[EventType "k.o."]
[EventCountry "GEO"]
[SourceTitle "playchess.com"]
[Source "ChessBase"]
[SourceQuality "1"]

{[%evp 10,76,21,20,36,31,23,29,25,22,39,47,40,36,43,39,43,37,70,75,122,65,70,68,58,76,76,54,76,60,74,65,30,37,63,32,48,31,25,-120,-133,-133,-118,-118,-128,-134,-38,-36,177,170,170,170,170,170,295,290,454,450,489,221,221,214,207,214,195,0,178,0,164]} 1. d4 Nf6 2. Nf3 e6 3. c4 Bb4+ 4. Bd2 a5 5. a3 Bxd2+ 6. Qxd2 b6 {E11: Bogo-Indian} 7. Nc3 Bb7 8. Qf4 (8. g3 O-O 9. Bg2 Ne4 10. Nxe4 Bxe4 11. O-O a4 12. Qe3 Bb7 13. Qd3 f5 14. Ne5 Bxg2 15. Kxg2 {0-1 (38) So,W (2822)-Carlsen,M (2838) chess.com INT 2017}) 8... O-O {White has an edge.} 9. e4 d5 $146 ({Predecessor:} 9... d6 10. e5 Ne8 11. Rd1 Nd7 12. Bd3 f5 13. exd6 Nxd6 14. O-O Ne4 {½-½ (14) Gohla,U (2179)-Bauduin,E (2310) Belgium 2008}) 10. cxd5 exd5 11. e5 Ne4 12. Bd3 {[%cal Rc3e4]} f5 13. exf6 Nxf6 14. O-O c5 15. Rae1 ({White should play} 15. Rfe1 $16) 15... Nc6 $14 16. Qh4 Ba6 17. Bxa6 Rxa6 18. Re6 Qd7 19. Rfe1 Raa8 20. dxc5 bxc5 21. Na4 {Black must now prevent Nb6.} Ne4 22. Ng5 {[%csl Gg5][%cal Rh4h7]} h6 $1 {[%cal Rh6g5]} ({Don't play} 22... Nxg5 $6 23. Qxg5 (23. Nxc5 $2 Qd8 $19) 23... Qf7 24. f3 $16) 23. Nb6 $40 {[%mdl 128] White has some attack.} Qd8 24. Nxa8 (24. Rxc6 $11 hxg5 25. Qg4) 24... Nxg5 $17 25. Qa4 ({Avoid the trap} 25. Rxc6 $2 Nf3+ $1 {[%mdl 512]} 26. gxf3 Qxh4 $19) 25... Nxe6 26. Qxc6 {[#]} Nf4 $1 27. g3 Nh3+ ({Better is} 27... Nd3 $17 28. Re2 Qg5) 28. Kg2 $15 Rxf2+ $2 (28... Qxa8 $15 {stays ahead.} 29. Qxa8 Rxa8 30. Kxh3 Kf7) 29. Kxh3 $18 Qg5 {[%cal Rg5h5]} 30. Qe6+ Kh7 {[%cal Rg5h5]} 31. Re5 Qc1 (31... Qd2 {is a better defense.} 32. Qxd5 (32. Rxd5 Qc2 $11) 32... Rxh2+ 33. Kg4 Qc2) 32. Qxd5 {Intending Qe4+ and mate.} Qf1+ (32... Qc2 $142 33. Qe4+ Qxe4 34. Rxe4 Rxb2) 33. Kg4 Rf6 34. Re6 (34. Nc7 $142) 34... Rxe6 35. Qxe6 Qd1+ 36. Kh3 {Hoping for Qf5+.} Qf1+ 37. Kg4 {aiming for Qf5+.} Qd1+ 38. Kh3 {Threatens to win with Qf5+.} Qf1+ $1 {Precision: White = 62%, Black = 47%.} 1/2-1/2

[Event "77th GEO-ch Supreme League 2018"]
[Site "Tbilisi"]
[Date "2018.01.20"]
[Round "2.2"]
[White "Quparadze, Giga"]
[Black "Kacharava, Nikolozi"]
[Result "1/2-1/2"]
[WhiteElo "2499"]
[BlackElo "2302"]
[Annotator "TA"]
[PlyCount "112"]
[EventDate "2018.??.??"]
[EventType "k.o."]
[EventCountry "GEO"]
[SourceTitle "playchess.com"]
[Source "ChessBase"]
[SourceQuality "1"]

{[%evp 17,112,12,18,0,32,23,32,29,73,37,51,45,77,77,74,75,83,60,85,75,93,85,93,89,93,93,83,83,83,69,69,28,31,38,29,11,29,-6,0,-30,0,0,0,0,0,0,0,0,0,0,0,0,23,23,23,23,23,0,0,0,74,74,74,74,74,0,0,0,0,0,0,0,0,0,0,0,0,0,0,0,0,0,0,0,0,0,0,0,0,0,0,0,0,0,0,0,0]} 1. e4 d6 2. d4 Nf6 3. Nc3 e5 4. Nge2 Be7 5. g3 O-O 6. Bg2 {B07: Pirc Defence: Miscellaneous Systems} c6 7. a4 (7. O-O b5 8. a3 Nbd7 9. h3 a5 10. g4 Ba6 11. Ng3 exd4 12. Qxd4 b4 13. Nce2 d5 14. e5 Bxe2 15. Nxe2 Bc5 16. Qf4 Nxe5 17. Qxe5 {0-1 (43) Moiseenko,A (2707)-Caruana,F (2791) Dubai 2014}) 7... a5 8. O-O Na6 9. h3 Nb4 {LiveBook: 19 Games} 10. g4 Ne8 $146 ({Find the theoretical novelty and annotate with similar games:} 10... h6 11. f4 exd4 12. Nxd4 d5 13. e5 {1-0 (28) Bokros,A (2485)-Deleva,M (2267) Morzine 2014}) 11. f4 Nc7 12. f5 c5 13. dxe5 (13. d5 {NOTEXT} b6 14. Ng3 h6 15. Rf3 Nba6 16. Be3) 13... dxe5 {White should prevent ...Qxd1.} 14. Nd5 Nbxd5 15. exd5 Ne8 16. c4 Nd6 17. b3 Bg5 18. Nc3 h6 19. Ne4 Nxe4 20. Bxe4 Ra6 21. Qf3 Bxc1 22. Raxc1 Qh4 23. Qe3 Rf6 24. Bg2 h5 25. Qxe5 {Hoping for Rce1.} hxg4 26. Rf4 Bd7 $1 ({Avoid the trap} 26... Qg3 $2 27. Rc3 $18 (27. hxg4 Qxb3 28. Rf3 Qa2 $16)) 27. hxg4 {Threatens to win with Qe7.} Re8 28. Qc3 Re2 {[#] And now ...Rh6 would win.} 29. Kf1 Qh2 {[%csl Ge2][%cal Rh2g2]} 30. Kxe2 Qxf4 31. Bf3 Rh6 {aiming for ...Rh2+.} 32. Rf1 g6 33. Qe3 ({Wrong is} 33. Qxa5 $2 Qe5+ 34. Kf2 Rh2+ 35. Bg2 Qb2+ 36. Ke3 Rxg2 $19) 33... Rh2+ 34. Rf2 Qxe3+ (34... Rxf2+ {NOTEXT} 35. Kxf2 Qh2+ 36. Ke1 gxf5 37. gxf5 Bxf5 38. Qg5+ Bg6) 35. Kxe3 Rxf2 36. Kxf2 {[#] Black must now prevent f6.} gxf5 $11 {[%mdl 4096] Endgame KB-KB} 37. Kg3 fxg4 38. Bxg4 f5 (38... Bxg4 $11 {remains equal.} 39. Kxg4 Kf8) 39. Be2 $16 Kf7 40. Kf4 Kf6 41. Bh5 (41. Bd3 $16) 41... b6 $11 {The position is equal.} 42. Bd1 Be8 $1 43. Be2 Bf7 44. Bd3 Bh5 45. Bc2 Be2 46. Ke3 Bg4 47. Kf4 Be2 48. Ke3 Bg4 49. Kf4 Bh5 50. Bxf5 Bd1 51. Bd7 Bxb3 52. Bb5 Bc2 53. Ke3 Ke5 54. Kf3 Bd1+ 55. Kg3 Kf6 56. Kf4 Bc2 {Precision: White = 61%, Black = 81%.} 1/2-1/2